WW2 weapons quiz - Statistics

General Stats
  • This quiz has been taken 380 times
  • The average score is 10 of 16
Answer Stats
Picture Answer % Correct
MG42
88%
MP40
85%
m1 garand
82%
ppsh 41
82%
Sten
82%
Luger
78%
stg 44
77%
bren
67%
m1911
64%
M1 carbine
64%
mosin nagant
60%
svt 40
50%
gewehr 43
41%
Arisaka
31%
Ptrs 41
28%
k98
25%
No matching quizzes found
Score Distribution
Percent of People with Each Score
Percentile by Number Answered
Your Score History
You have not taken this quiz